[Event "Russian Championship (Rapid, Men)"]
[Site "Sochi"]
[Date "2018.10.06"]
[Round "11.12"]
[White "Kobalia, Mikhail"]
[Black "Potapov, Pavel"]
[Result "1/2-1/2"]
[BlackElo "2509"]
[WhiteElo "2617"]
[LiveChessVersion "1.4.8"]

1. e4 {[%clk 0:15:18]} c5 {[%clk 0:15:19]} 2. Nf3 {[%clk 0:15:27]} Nc6
{[%clk 0:15:27]} 3. Bb5 {[%clk 0:15:31]} g6 {[%clk 0:15:35]} 4. Bxc6
{[%clk 0:15:32]} bxc6 {[%clk 0:15:43]} 5. O-O {[%clk 0:15:35]} Bg7
{[%clk 0:15:52]} 6. Re1 {[%clk 0:15:38]} Nf6 {[%clk 0:14:27]} 7. e5
{[%clk 0:15:47]} Nd5 {[%clk 0:14:36]} 8. c4 {[%clk 0:15:56]} Nc7 {[%clk 0:14:34]}
9. Nc3 {[%clk 0:16:04]} Ne6 {[%clk 0:14:25]} 10. d4 {[%clk 0:16:13]} cxd4
{[%clk 0:14:29]} 11. Nxd4 {[%clk 0:16:22]} Nxd4 {[%clk 0:13:20]} 12. Qxd4
{[%clk 0:16:30]} O-O {[%clk 0:13:15]} 13. Qh4 {[%clk 0:16:12]} d6
{[%clk 0:12:24]} 14. Bg5 {[%clk 0:15:28]} f6 {[%clk 0:12:07]} 15. exf6
{[%clk 0:15:36]} exf6 {[%clk 0:12:15]} 16. Be3 {[%clk 0:15:44]} Bf5
{[%clk 0:11:21]} 17. Rad1 {[%clk 0:15:49]} Qb8 {[%clk 0:10:04]} 18. b3
{[%clk 0:15:40]} Qb4 {[%clk 0:10:09]} 19. Bd4 {[%clk 0:14:56]} d5
{[%clk 0:09:03]} 20. c5 {[%clk 0:12:11]} Rae8 {[%clk 0:08:34]} 21. f3
{[%clk 0:12:12]} Bc2 {[%clk 0:07:41]} 22. Rd2 {[%clk 0:11:21]} f5
{[%clk 0:06:17]} 23. Rxe8 {[%clk 0:10:56]} Rxe8 {[%clk 0:06:26]} 24. Qf2
{[%clk 0:09:58]} Re1+ {[%clk 0:05:42]} 25. Qxe1 {[%clk 0:10:06]} Bxd4+
{[%clk 0:05:51]} 26. Kh1 {[%clk 0:08:53]} Qxc3 {[%clk 0:05:52]} 27. Qe8+
{[%clk 0:08:53]} Kg7 {[%clk 0:05:59]} 28. Qe7+ {[%clk 0:09:02]} Kg8
{[%clk 0:05:55]} 1/2-1/2

[Event "Russian Championship (Rapid, Men)"]
[Site "Sochi"]
[Date "2018.10.06"]
[Round "11.13"]
[White "Alekseev, Evgeny"]
[Black "Krylov, Mikhail"]
[Result "1/2-1/2"]
[BlackElo "2481"]
[WhiteElo "2655"]
[LiveChessVersion "1.4.8"]

1. e4 {[%clk 0:15:18]} c5 {[%clk 0:15:17]} 2. Nf3 {[%clk 0:15:25]} e6
{[%clk 0:15:26]} 3. d4 {[%clk 0:15:31]} cxd4 {[%clk 0:15:34]} 4. Nxd4
{[%clk 0:15:39]} Nc6 {[%clk 0:15:43]} 5. Nc3 {[%clk 0:15:45]} Qc7
{[%clk 0:15:51]} 6. g3 {[%clk 0:15:04]} a6 {[%clk 0:15:39]} 7. Bg2
{[%clk 0:15:12]} Nf6 {[%clk 0:15:33]} 8. Nb3 {[%clk 0:15:14]} Be7
{[%clk 0:15:21]} 9. O-O {[%clk 0:15:13]} O-O {[%clk 0:15:03]} 10. f4
{[%clk 0:15:05]} d6 {[%clk 0:15:10]} 11. g4 {[%clk 0:15:05]} b5 {[%clk 0:14:27]}
12. g5 {[%clk 0:14:58]} Nd7 {[%clk 0:14:34]} 13. a3 {[%clk 0:15:00]} Re8
{[%clk 0:14:18]} 14. Rf3 {[%clk 0:14:38]} Bf8 {[%clk 0:11:35]} 15. Rh3
{[%clk 0:14:46]} g6 {[%clk 0:11:30]} 16. Qe1 {[%clk 0:14:43]} Bg7
{[%clk 0:11:17]} 17. Be3 {[%clk 0:14:40]} Nf8 {[%clk 0:11:02]} 18. Qh4
{[%clk 0:14:19]} Ne7 {[%clk 0:10:02]} 19. Rf1 {[%clk 0:12:49]} Bb7
{[%clk 0:09:52]} 20. Qf2 {[%clk 0:10:23]} Rac8 {[%clk 0:09:12]} 21. Bb6
{[%clk 0:09:57]} Qb8 {[%clk 0:09:07]} 22. Bd4 {[%clk 0:10:01]} Bxd4
{[%clk 0:09:01]} 23. Nxd4 {[%clk 0:10:08]} Qa8 {[%clk 0:08:29]} 24. f5
{[%clk 0:09:08]} exf5 {[%clk 0:08:05]} 25. exf5 {[%clk 0:09:13]} Nxf5
{[%clk 0:06:51]} 26. Nxf5 {[%clk 0:08:01]} gxf5 {[%clk 0:06:54]} 27. Qxf5
{[%clk 0:07:51]} Qa7+ {[%clk 0:06:42]} 28. Qf2 {[%clk 0:07:58]} Qxf2+
{[%clk 0:06:46]} 29. Rxf2 {[%clk 0:07:57]} Bxg2 {[%clk 0:06:20]} 30. Kxg2
{[%clk 0:07:59]} Re5 {[%clk 0:06:20]} 31. Rg3 {[%clk 0:07:39]} Ne6
{[%clk 0:05:59]} 32. Rd3 {[%clk 0:05:27]} Rxg5+ {[%clk 0:02:30]} 33. Kf1
{[%clk 0:05:36]} Nc5 {[%clk 0:02:31]} 34. Rxd6 {[%clk 0:05:34]} Rg6
{[%clk 0:02:36]} 35. Rd5 {[%clk 0:05:23]} Kg7 {[%clk 0:02:31]} 36. Rdf5
{[%clk 0:04:34]} f6 {[%clk 0:02:04]} 37. Nd5 {[%clk 0:03:42]} Ne4
{[%clk 0:02:04]} 38. Re2 {[%clk 0:03:51]} Rg5 {[%clk 0:02:08]} 39. Ne7
{[%clk 0:01:41]} Rc4 {[%clk 0:02:12]} 40. b3 {[%clk 0:01:35]} Rc5
{[%clk 0:01:57]} 41. Rxe4 {[%clk 0:01:38]} Rgxf5+ {[%clk 0:02:05]} 42. Nxf5+
{[%clk 0:01:46]} Rxf5+ {[%clk 0:02:13]} 43. Ke2 {[%clk 0:01:55]} Rh5
{[%clk 0:01:55]} 44. h4 {[%clk 0:01:53]} Kg6 {[%clk 0:01:47]} 45. Ke3
{[%clk 0:01:57]} Rc5 {[%clk 0:01:17]} 46. c4 {[%clk 0:01:43]} bxc4
{[%clk 0:01:24]} 47. Rxc4 {[%clk 0:01:36]} Rb5 {[%clk 0:01:16]} 48. b4
{[%clk 0:01:39]} Rb6 {[%clk 0:00:39]} 49. Rc5 {[%clk 0:01:32]} Re6+
{[%clk 0:00:41]} 50. Kf4 {[%clk 0:01:39]} h5 {[%clk 0:00:46]} 51. Rc3
{[%clk 0:01:14]} Rd6 {[%clk 0:00:52]} 52. Ke4 {[%clk 0:01:11]} Re6+
{[%clk 0:00:53]} 53. Kd5 {[%clk 0:01:00]} Re5+ {[%clk 0:00:59]} 54. Kc6
{[%clk 0:01:08]} f5 {[%clk 0:00:54]} 55. Rf3 {[%clk 0:00:34]} Kf6
{[%clk 0:00:50]} 56. Kb6 {[%clk 0:00:31]} Re6+ {[%clk 0:01:00]} 57. Kb7
{[%clk 0:00:37]} Rd6 {[%clk 0:01:04]} 58. Rf1 {[%clk 0:00:36]} Ke5 1/2-1/2

[Event "Russian Championship (Rapid, Men)"]
[Site "Sochi"]
[Date "2018.10.06"]
[Round "11.14"]
[White "Lugovskoy, Maxim"]
[Black "Alekseenko, Kirill"]
[Result "1-0"]
[BlackElo "2668"]
[WhiteElo "2476"]
[LiveChessVersion "1.4.8"]

1. e4 {[%clk 0:15:10]} c5 {[%clk 0:15:18]} 2. c3 {[%clk 0:15:16]} Qa5
{[%clk 0:15:27]} 3. Nf3 {[%clk 0:15:11]} Nc6 {[%clk 0:15:35]} 4. Be2
{[%clk 0:15:04]} Nf6 {[%clk 0:15:16]} 5. e5 {[%clk 0:13:33]} Ng4 {[%clk 0:15:07]}
6. O-O {[%clk 0:13:40]} Ngxe5 {[%clk 0:14:38]} 7. Nxe5 {[%clk 0:13:38]} Nxe5
{[%clk 0:14:47]} 8. d4 {[%clk 0:13:46]} Ng6 {[%clk 0:14:14]} 9. Be3
{[%clk 0:12:37]} cxd4 {[%clk 0:13:35]} 10. cxd4 {[%clk 0:12:42]} e6
{[%clk 0:12:55]} 11. Nc3 {[%clk 0:12:40]} d5 {[%clk 0:12:53]} 12. f4
{[%clk 0:11:02]} Bd6 {[%clk 0:11:33]} 13. Bb5+ {[%clk 0:10:31]} Kf8
{[%clk 0:10:27]} 14. f5 {[%clk 0:10:18]} exf5 {[%clk 0:10:21]} 15. Bd3
{[%clk 0:08:37]} Ne7 {[%clk 0:09:35]} 16. Qf3 {[%clk 0:08:37]} Be6
{[%clk 0:09:14]} 17. Rae1 {[%clk 0:08:45]} h5 {[%clk 0:08:26]} 18. Bg5
{[%clk 0:08:42]} g6 {[%clk 0:07:45]} 19. Nb5 {[%clk 0:08:13]} Bb4
{[%clk 0:06:45]} 20. Qg3 {[%clk 0:06:37]} Rc8 {[%clk 0:04:47]} 21. Rxe6
{[%clk 0:04:09]} fxe6 {[%clk 0:04:49]} 22. a3 {[%clk 0:04:05]} Bd2
{[%clk 0:03:38]} 23. b4 {[%clk 0:04:12]} Qb6 {[%clk 0:03:22]} 24. Bxd2
{[%clk 0:04:02]} a6 {[%clk 0:03:31]} 25. Qe5 {[%clk 0:03:56]} Rh7
{[%clk 0:03:06]} 26. Nd6 {[%clk 0:04:04]} Rd8 {[%clk 0:03:08]} 27. Qf6+
{[%clk 0:03:55]} Kg8 {[%clk 0:02:53]} 28. Qxe6+ {[%clk 0:04:04]} Kf8
{[%clk 0:03:02]} 29. Bh6+ {[%clk 0:04:12]} 1-0

[Event "Russian Championship (Rapid, Men)"]
[Site "Sochi"]
[Date "2018.10.06"]
[Round "11.15"]
[White "Paravyan, David"]
[Black "Gutenev, Alexander"]
[Result "1/2-1/2"]
[BlackElo "2463"]
[WhiteElo "2630"]
[LiveChessVersion "1.4.8"]

1. d4 {[%clk 0:15:19]} Nf6 {[%clk 0:15:19]} 2. c4 {[%clk 0:15:28]} g6
{[%clk 0:15:28]} 3. Nc3 {[%clk 0:15:37]} d5 {[%clk 0:15:37]} 4. cxd5
{[%clk 0:15:46]} Nxd5 {[%clk 0:15:46]} 5. e4 {[%clk 0:15:55]} Nxc3
{[%clk 0:15:55]} 6. bxc3 {[%clk 0:16:04]} Bg7 {[%clk 0:16:04]} 7. Nf3
{[%clk 0:16:13]} c5 {[%clk 0:16:08]} 8. Bb5+ {[%clk 0:16:22]} Nd7
{[%clk 0:15:59]} 9. O-O {[%clk 0:16:29]} O-O {[%clk 0:16:01]} 10. Be3
{[%clk 0:16:38]} cxd4 {[%clk 0:15:53]} 11. cxd4 {[%clk 0:16:47]} Nf6
{[%clk 0:16:01]} 12. Qc2 {[%clk 0:16:11]} Bd7 {[%clk 0:15:19]} 13. Bxd7
{[%clk 0:16:17]} Qxd7 {[%clk 0:14:41]} 14. Rac1 {[%clk 0:16:19]} Rac8
{[%clk 0:14:37]} 15. Qb1 {[%clk 0:15:36]} Ng4 {[%clk 0:12:21]} 16. Bg5
{[%clk 0:15:33]} Rxc1 {[%clk 0:11:43]} 17. Qxc1 {[%clk 0:15:42]} Qe6
{[%clk 0:11:16]} 18. Qf4 {[%clk 0:14:55]} f6 {[%clk 0:08:47]} 19. d5
{[%clk 0:14:49]} Qd7 {[%clk 0:08:42]} 20. h3 {[%clk 0:14:58]} fxg5
{[%clk 0:06:26]} 21. Qxg4 {[%clk 0:15:06]} Qxg4 {[%clk 0:06:35]} 22. hxg4
{[%clk 0:15:15]} Rc8 {[%clk 0:06:36]} 23. Nxg5 {[%clk 0:14:23]} Rc2
{[%clk 0:06:45]} 24. a4 {[%clk 0:12:26]} Rc4 {[%clk 0:06:53]} 25. Rb1
{[%clk 0:12:29]} b6 {[%clk 0:04:54]} 26. a5 {[%clk 0:12:38]} h6 {[%clk 0:04:36]}
27. axb6 {[%clk 0:12:43]} axb6 {[%clk 0:04:22]} 28. Ne6 {[%clk 0:12:33]} Rxe4
{[%clk 0:04:19]} 29. Rxb6 {[%clk 0:11:56]} Rxg4 {[%clk 0:02:08]} 30. f4
{[%clk 0:11:48]} Rg3 {[%clk 0:01:30]} 31. Kf2 {[%clk 0:09:29]} Rd3
{[%clk 0:01:22]} 32. Rb5 {[%clk 0:09:38]} Rd2+ {[%clk 0:01:21]} 33. Kf3
{[%clk 0:09:45]} Rb2 {[%clk 0:00:35]} 34. Ra5 {[%clk 0:09:37]} Rb3+
{[%clk 0:00:44]} 35. Ke4 {[%clk 0:09:45]} Rb4+ {[%clk 0:00:52]} 36. Kd3
{[%clk 0:09:54]} Rb3+ {[%clk 0:00:58]} 37. Kc4 {[%clk 0:09:53]} Rc3+
{[%clk 0:01:03]} 38. Kb5 {[%clk 0:10:02]} Rc8 {[%clk 0:00:53]} 39. Ra7
{[%clk 0:09:56]} Bf6 {[%clk 0:00:57]} 40. g4 {[%clk 0:10:04]} Kf7
{[%clk 0:00:46]} 41. Rb7 {[%clk 0:09:51]} g5 {[%clk 0:00:36]} 42. f5
{[%clk 0:09:57]} Be5 {[%clk 0:00:45]} 43. Nc5 {[%clk 0:09:50]} Rd8
{[%clk 0:00:27]} 44. Kc4 {[%clk 0:09:25]} Rc8 {[%clk 0:00:29]} 45. Rb6
{[%clk 0:09:34]} Bd6 {[%clk 0:00:32]} 46. Rc6 {[%clk 0:09:43]} Ra8
{[%clk 0:00:38]} 47. Ne4 {[%clk 0:09:45]} Ra4+ {[%clk 0:00:29]} 48. Kd3
{[%clk 0:09:54]} Ra3+ {[%clk 0:00:34]} 49. Kc2 {[%clk 0:09:59]} Ra4
{[%clk 0:00:19]} 50. Nxd6+ {[%clk 0:09:32]} exd6 {[%clk 0:00:28]} 51. Rxd6
{[%clk 0:09:40]} Rxg4 {[%clk 0:00:37]} 52. Rxh6 {[%clk 0:09:48]} Rd4
{[%clk 0:00:40]} 53. d6 {[%clk 0:09:55]} Rd5 {[%clk 0:00:37]} 54. Kc3
{[%clk 0:09:52]} Rxf5 {[%clk 0:00:43]} 55. Kd4 {[%clk 0:09:58]} Ke8
{[%clk 0:00:42]} 56. Ke4 {[%clk 0:10:07]} Ra5 {[%clk 0:00:48]} 57. Rh7
{[%clk 0:10:16]} Kd8 {[%clk 0:00:55]} 58. Rg7 {[%clk 0:10:24]} Rb5
{[%clk 0:01:00]} 1/2-1/2

[Event "Russian Championship (Rapid, Men)"]
[Site "Sochi"]
[Date "2018.10.06"]
[Round "11.16"]
[White "Rozum, Ivan"]
[Black "Dzhumagaliev, Yan"]
[Result "1/2-1/2"]
[BlackElo "2454"]
[WhiteElo "2612"]
[LiveChessVersion "1.4.8"]

1. c4 {[%clk 0:15:17]} e6 {[%clk 0:15:12]} 2. Nc3 {[%clk 0:15:24]} d5
{[%clk 0:15:11]} 3. e3 {[%clk 0:15:32]} Nf6 {[%clk 0:15:03]} 4. Nf3
{[%clk 0:15:41]} Be7 {[%clk 0:14:54]} 5. b3 {[%clk 0:15:49]} c5 {[%clk 0:14:56]}
6. Bb2 {[%clk 0:15:48]} Nc6 {[%clk 0:15:03]} 7. cxd5 {[%clk 0:15:55]} exd5
{[%clk 0:15:02]} 8. d4 {[%clk 0:16:04]} O-O {[%clk 0:13:49]} 9. Be2
{[%clk 0:16:12]} cxd4 {[%clk 0:13:02]} 10. Nxd4 Ne5 11. O-O {[%clk 0:16:21]} Bd7
{[%clk 0:12:58]} 12. Nf3 {[%clk 0:16:12]} Nxf3+ {[%clk 0:12:52]} 13. Bxf3
{[%clk 0:16:21]} Bc6 {[%clk 0:13:00]} 14. Qd4 {[%clk 0:14:45]} Qd7
{[%clk 0:13:08]} 15. Rfd1 {[%clk 0:14:51]} Rfd8 {[%clk 0:13:17]} 16. Rac1
{[%clk 0:14:46]} Qf5 {[%clk 0:12:54]} 17. Ne2 {[%clk 0:14:32]} h6
{[%clk 0:10:26]} 18. Ng3 {[%clk 0:12:23]} Qe6 {[%clk 0:10:21]} 19. Rc2
{[%clk 0:10:22]} a5 {[%clk 0:10:07]} 20. a4 {[%clk 0:09:47]} Bb4 {[%clk 0:07:35]}
21. Be2 {[%clk 0:09:26]} Bf8 {[%clk 0:06:51]} 22. Bd3 {[%clk 0:09:11]} Ne4
{[%clk 0:04:16]} 23. Bxe4 {[%clk 0:07:04]} dxe4 {[%clk 0:04:25]} 24. Qxd8
{[%clk 0:07:13]} Rxd8 {[%clk 0:04:34]} 25. Rxd8 {[%clk 0:07:21]} Qxb3
{[%clk 0:04:43]} 26. Rcd2 {[%clk 0:07:30]} f6 {[%clk 0:04:52]} 27. Nf5
{[%clk 0:06:09]} Qxa4 {[%clk 0:03:11]} 28. h3 {[%clk 0:03:55]} Qb4
{[%clk 0:01:56]} 29. R8d4 {[%clk 0:02:43]} Qb5 {[%clk 0:02:05]} 30. Rd8
{[%clk 0:02:29]} Qb4 {[%clk 0:01:59]} 31. R8d4 {[%clk 0:02:36]} Qb5
{[%clk 0:02:06]} 32. Rd8 {[%clk 0:01:25]} Qb4 {[%clk 0:02:14]} 33. R8d4
{[%clk 0:01:10]} Qc5 {[%clk 0:01:30]} 34. Rd8 {[%clk 0:01:13]} Qb4
{[%clk 0:01:03]} 1/2-1/2

[Event "Russian Championship (Rapid, Men)"]
[Site "Sochi"]
[Date "2018.10.06"]
[Round "11.17"]
[White "Maletin, Pavel"]
[Black "Kezin, Roman"]
[Result "1-0"]
[BlackElo "2462"]
[WhiteElo "2570"]
[LiveChessVersion "1.4.8"]

1. c4 {[%clk 0:15:17]} e6 {[%clk 0:15:19]} 2. g3 {[%clk 0:15:25]} d5
{[%clk 0:15:28]} 3. Bg2 {[%clk 0:15:33]} Nf6 {[%clk 0:15:37]} 4. Nf3
{[%clk 0:15:39]} Be7 {[%clk 0:15:46]} 5. O-O {[%clk 0:15:43]} O-O
{[%clk 0:15:53]} 6. d4 {[%clk 0:15:50]} dxc4 {[%clk 0:15:55]} 7. Qc2
{[%clk 0:15:59]} b6 {[%clk 0:16:04]} 8. Nfd2 {[%clk 0:15:55]} c6 {[%clk 0:15:51]}
9. Nxc4 {[%clk 0:16:03]} Qxd4 {[%clk 0:15:31]} 10. Rd1 {[%clk 0:16:10]} Qc5
{[%clk 0:15:31]} 11. b3 {[%clk 0:16:16]} Qh5 {[%clk 0:14:44]} 12. Bb2
{[%clk 0:14:58]} Nbd7 {[%clk 0:11:56]} 13. Bxc6 {[%clk 0:13:49]} Ng4
{[%clk 0:11:36]} 14. h4 {[%clk 0:13:05]} Qc5 {[%clk 0:08:38]} 15. Ne3
{[%clk 0:13:07]} Nxe3 {[%clk 0:07:48]} 16. Qxc5 {[%clk 0:13:13]} Bxc5
{[%clk 0:03:19]} 17. fxe3 {[%clk 0:13:17]} Rb8 {[%clk 0:03:28]} 18. Rxd7
{[%clk 0:13:00]} Bxd7 {[%clk 0:03:32]} 19. Bxd7 {[%clk 0:13:09]} Rbd8
{[%clk 0:03:18]} 20. Bb5 {[%clk 0:13:10]} Bxe3+ {[%clk 0:03:08]} 21. Kg2
{[%clk 0:13:16]} Rd1 {[%clk 0:03:15]} 22. Na3 {[%clk 0:12:53]} Rxa1
{[%clk 0:02:31]} 23. Bxa1 {[%clk 0:13:02]} Rd8 {[%clk 0:02:40]} 24. Bd3
{[%clk 0:13:03]} Bd4 {[%clk 0:02:40]} 25. Bxd4 {[%clk 0:12:10]} Rxd4
{[%clk 0:02:48]} 26. Nb5 {[%clk 0:11:14]} Rd7 {[%clk 0:02:53]} 27. b4
{[%clk 0:11:20]} h6 {[%clk 0:02:37]} 28. a4 {[%clk 0:11:14]} Kf8 {[%clk 0:00:41]}
29. Kf3 {[%clk 0:10:41]} Ke7 {[%clk 0:00:44]} 30. Ke3 {[%clk 0:10:37]} f5
{[%clk 0:00:21]} 31. h5 {[%clk 0:08:45]} Kf6 {[%clk 0:00:23]} 32. Nd4
{[%clk 0:08:48]} Rc7 {[%clk 0:00:19]} 33. a5 {[%clk 0:07:59]} bxa5
{[%clk 0:00:14]} 34. bxa5 {[%clk 0:08:08]} a6 {[%clk 0:00:11]} 35. Kd2
{[%clk 0:07:00]} Ke5 {[%clk 0:00:12]} 36. e3 {[%clk 0:06:54]} Rc5
{[%clk 0:00:19]} 37. Bxa6 {[%clk 0:07:00]} Kf6 {[%clk 0:00:17]} 38. Nb3
{[%clk 0:06:43]} Rd5+ {[%clk 0:00:24]} 39. Kc3 {[%clk 0:06:42]} 1-0

[Event "Russian Championship (Rapid, Men)"]
[Site "Sochi"]
[Date "2018.10.06"]
[Round "11.18"]
[White "Oganian, Miran"]
[Black "Belyakov, Bogdan"]
[Result "1-0"]
[BlackElo "2523"]
[WhiteElo "2450"]
[LiveChessVersion "1.4.8"]

1. b3 {[%clk 0:14:59]} e5 {[%clk 0:15:11]} 2. Bb2 {[%clk 0:15:08]} Nc6
{[%clk 0:15:18]} 3. e3 {[%clk 0:15:17]} d6 {[%clk 0:15:10]} 4. Bb5
{[%clk 0:15:23]} Bd7 {[%clk 0:15:18]} 5. Nf3 {[%clk 0:13:59]} Nf6
{[%clk 0:15:19]} 6. d4 {[%clk 0:13:49]} exd4 {[%clk 0:14:06]} 7. Nxd4
{[%clk 0:13:56]} Nxd4 {[%clk 0:14:12]} 8. Bxd7+ {[%clk 0:14:03]} Qxd7
{[%clk 0:14:13]} 9. Qxd4 {[%clk 0:13:21]} Qg4 {[%clk 0:13:20]} 10. Qxg4
{[%clk 0:13:00]} Nxg4 {[%clk 0:13:27]} 11. c4 {[%clk 0:12:49]} Ne5
{[%clk 0:13:22]} 12. Ke2 {[%clk 0:12:35]} O-O-O {[%clk 0:12:23]} 13. Nd2
{[%clk 0:12:16]} h5 {[%clk 0:11:56]} 14. Rad1 {[%clk 0:11:56]} Re8
{[%clk 0:12:02]} 1-0

[Event "Russian Championship (Rapid, Men)"]
[Site "Sochi"]
[Date "2018.10.06"]
[Round "11.20"]
[White "Rakhmanov, Aleksandr"]
[Black "Sharafiev, Azat"]
[Result "1-0"]
[BlackElo "2402"]
[WhiteElo "2688"]
[LiveChessVersion "1.4.8"]

1. Nf3 {[%clk 0:15:11]} c5 {[%clk 0:15:16]} 2. g3 {[%clk 0:15:17]} Nc6
{[%clk 0:15:21]} 3. Bg2 {[%clk 0:15:24]} g6 {[%clk 0:15:30]} 4. c3
{[%clk 0:15:20]} e5 {[%clk 0:15:08]} 5. d3 {[%clk 0:15:09]} Bg7 {[%clk 0:15:05]}
6. e4 {[%clk 0:15:16]} Nge7 {[%clk 0:15:07]} 7. O-O {[%clk 0:15:24]} O-O
{[%clk 0:15:14]} 8. a3 {[%clk 0:15:32]} d5 {[%clk 0:15:12]} 9. Nbd2
{[%clk 0:15:12]} d4 {[%clk 0:13:39]} 10. c4 {[%clk 0:14:46]} h6 {[%clk 0:13:05]}
11. Nh4 {[%clk 0:14:29]} g5 {[%clk 0:12:56]} 12. Nhf3 {[%clk 0:14:29]} Be6
{[%clk 0:12:16]} 13. Ne1 {[%clk 0:14:26]} Kh7 {[%clk 0:11:45]} 14. Nc2
{[%clk 0:14:25]} a5 {[%clk 0:11:49]} 15. b3 {[%clk 0:14:33]} Rb8 {[%clk 0:11:49]}
16. Rb1 {[%clk 0:14:42]} b5 {[%clk 0:11:47]} 17. cxb5 {[%clk 0:14:46]} Rxb5
{[%clk 0:11:56]} 18. a4 {[%clk 0:14:53]} Rb8 {[%clk 0:11:41]} 19. Na3
{[%clk 0:14:51]} Ng6 {[%clk 0:11:35]} 20. Ndc4 {[%clk 0:14:41]} Bf6
{[%clk 0:10:45]} 21. Kh1 {[%clk 0:14:24]} Qd7 {[%clk 0:10:34]} 22. Nb5
{[%clk 0:14:08]} Be7 {[%clk 0:09:15]} 23. Bd2 {[%clk 0:14:03]} Qd8
{[%clk 0:09:07]} 24. Bf3 {[%clk 0:14:07]} Nb4 {[%clk 0:06:52]} 25. Qe2
{[%clk 0:14:14]} Bd7 {[%clk 0:06:48]} 26. Nba3 {[%clk 0:13:36]} Kg7
{[%clk 0:05:43]} 27. Bh5 {[%clk 0:13:15]} Qc7 {[%clk 0:05:49]} 28. Kg2
{[%clk 0:12:34]} Ra8 {[%clk 0:03:43]} 29. Rbe1 {[%clk 0:12:25]} Ra6
{[%clk 0:03:46]} 30. h3 {[%clk 0:12:33]} Qc8 {[%clk 0:01:49]} 31. Bg4
{[%clk 0:12:28]} Bxg4 {[%clk 0:01:55]} 32. hxg4 {[%clk 0:12:36]} Bd8
{[%clk 0:01:50]} 33. Nb5 {[%clk 0:12:30]} Bc7 {[%clk 0:01:55]} 34. Rh1
{[%clk 0:12:17]} f6 {[%clk 0:01:09]} 35. Rc1 {[%clk 0:11:52]} Qd7
{[%clk 0:01:01]} 36. Qf3 {[%clk 0:10:44]} Nc6 {[%clk 0:00:57]} 37. Qf5
{[%clk 0:10:43]} Qe7 {[%clk 0:00:41]} 38. Rc2 {[%clk 0:10:04]} Bb8
{[%clk 0:00:25]} 39. Rhc1 {[%clk 0:10:03]} Nh8 {[%clk 0:00:13]} 40. Nb2
{[%clk 0:08:26]} Bd6 {[%clk 0:00:12]} 41. Nxd6 {[%clk 0:08:12]} Qxd6
{[%clk 0:00:21]} 42. Rxc5 {[%clk 0:08:20]} Nf7 {[%clk 0:00:23]} 43. Rb5
{[%clk 0:07:47]} Qe7 {[%clk 0:00:17]} 44. Nc4 {[%clk 0:07:45]} Nd6
{[%clk 0:00:19]} 45. Nxd6 {[%clk 0:07:52]} Qxd6 {[%clk 0:00:28]} 46. Rb7+
{[%clk 0:08:01]} Ne7 {[%clk 0:00:28]} 47. Qd7 {[%clk 0:07:50]} Qxd7
{[%clk 0:00:14]} 48. Rxd7 {[%clk 0:07:58]} Re8 {[%clk 0:00:18]} 49. Rc5
{[%clk 0:07:23]} Rb6 {[%clk 0:00:15]} 50. Bxa5 {[%clk 0:06:45]} Rxb3
{[%clk 0:00:24]} 51. Bd8 {[%clk 0:06:52]} Kf8 {[%clk 0:00:13]} 52. Rcc7
{[%clk 0:07:00]} 1-0

[Event "Russian Championship (Rapid, Men)"]
[Site "Sochi"]
[Date "2018.10.06"]
[Round "11.22"]
[White "Lysyj, Igor"]
[Black "Ivlev, Aleksey"]
[Result "1-0"]
[BlackElo "2387"]
[WhiteElo "2644"]
[LiveChessVersion "1.4.8"]

1. d4 {[%clk 0:15:19]} d5 {[%clk 0:15:17]} 2. c4 {[%clk 0:15:28]} c6
{[%clk 0:15:20]} 3. Nf3 {[%clk 0:15:35]} Nf6 {[%clk 0:15:29]} 4. e3
{[%clk 0:15:43]} e6 {[%clk 0:15:38]} 5. Bd3 {[%clk 0:15:48]} Nbd7
{[%clk 0:15:44]} 6. b3 {[%clk 0:15:40]} Bd6 {[%clk 0:15:51]} 7. Bb2
{[%clk 0:15:48]} O-O {[%clk 0:15:56]} 8. O-O {[%clk 0:15:55]} b6 {[%clk 0:16:01]}
9. Nc3 {[%clk 0:15:58]} Bb7 {[%clk 0:16:05]} 10. Qc2 {[%clk 0:16:05]} Qe7
{[%clk 0:15:41]} 11. e4 {[%clk 0:15:52]} dxc4 {[%clk 0:15:49]} 12. Bxc4
{[%clk 0:15:14]} e5 {[%clk 0:15:38]} 13. Ne2 {[%clk 0:15:20]} c5 {[%clk 0:14:25]}
14. d5 {[%clk 0:15:11]} a6 {[%clk 0:13:26]} 15. Ng3 {[%clk 0:15:14]} g6
{[%clk 0:13:34]} 16. a4 {[%clk 0:15:19]} Ne8 {[%clk 0:13:35]} 17. Bc1
{[%clk 0:15:25]} Ng7 {[%clk 0:13:24]} 18. Bh6 {[%clk 0:15:18]} f6
{[%clk 0:12:03]} 19. h4 {[%clk 0:15:12]} Rf7 {[%clk 0:12:05]} 20. h5
{[%clk 0:15:15]} Nf8 {[%clk 0:11:44]} 21. Nh4 {[%clk 0:14:59]} f5
{[%clk 0:10:16]} 22. hxg6 {[%clk 0:15:00]} hxg6 {[%clk 0:10:25]} 23. Nf3
{[%clk 0:14:56]} f4 {[%clk 0:10:23]} 24. Ne2 {[%clk 0:14:33]} Nh7
{[%clk 0:10:24]} 25. Nxf4 {[%clk 0:14:33]} exf4 {[%clk 0:09:02]} 26. e5
{[%clk 0:14:29]} g5 {[%clk 0:08:05]} 27. exd6 {[%clk 0:14:01]} Qf6
{[%clk 0:08:03]} 28. Bxg7 {[%clk 0:13:56]} Kxg7 {[%clk 0:08:10]} 29. Rae1
{[%clk 0:13:59]} Bc8 {[%clk 0:05:27]} 30. Ne5 {[%clk 0:11:23]} Bf5
{[%clk 0:05:20]} 31. Bd3 {[%clk 0:11:31]} Bxd3 {[%clk 0:04:45]} 32. Qxd3
{[%clk 0:11:39]} Rb7 {[%clk 0:04:27]} 33. Ng4 {[%clk 0:11:29]} Qxd6
{[%clk 0:04:00]} 34. Re6 {[%clk 0:11:36]} Qd8 {[%clk 0:03:45]} 35. Qc3+
{[%clk 0:11:39]} 1-0